00354nam a22001217a 4500999001900000020001500019100001500034245003000049260003100079300001100110942000700121952010400128 c260971d260970 a0590439421 aSuzy Kline aHorrible Harry in Room 2B aNew YorkbScholasticc1988 a56 pgs cBK 001040708FICa40404b40404cCHILDd2023-10-26l0pCL2021722r2023-10-26 00:00:00w2023-10-26yBK